000
00249nam a22001217a 4500
041
_a
ENG
100
_a
Kumar.S
245
_a
Rtreasure Of R.C.C Designs
260
_a
Delhi
_b
Standard Book House
_c
1963
300
_a
1248
650
_a
FS
856
_u
FS
999
_c
844
_d
844